000 00531nam a2200169Ia 4500
003 LK-CoDNM
008 010623t2010 xxu||||| |||| 00| 1 sin d
040 _aLK-CoDNM
_dLK-CoDNM
_eLK-CoDNM
041 _asin
080 _a82-2
_bPAN
100 _aPangasara himi,Siyabalawawe
245 _aසංස්කෘත නාට්‍ය කලාව හා රත්නාවලී නාට්‍ය
246 _aSanskrutha Natya Kalawa ha Rathnawali Natya
260 _bAuthor
_aS.I.
_c2010
300 _b96,ix, 21 cm
942 _cBK
999 _c130404
_d130404